Online
Catalog

Relaciones geográficas del arzobispado de México, 1743 / (Record no. 41468)

MARC details
000 -CABECERA
campo de control de longitud fija 00849nam a2200205 a 4500
001 - NÚMERO DE CONTROL
campo de control 000041979
005 - FECHA Y HORA DE LA ÚLTIMA TRANSACCIÓN
campo de control 20201002035849.0
008 - DATOS DE LONGITUD FIJA--INFORMACIÓN GENERAL
campo de control de longitud fija 131030s1988 sp ad 000 0 spa d
020 ## - NÚMERO INTERNACIONAL ESTÁNDAR DEL LIBRO
Número Internacional Estándar del Libro 8400069269 (v.1)
040 ## - FUENTE DE LA CATALOGACIÓN
Centro catalogador/agencia de origen DO-SdBNP
Lengua de catalogación spa
Centro/agencia transcriptor BNPHU
245 03 - MENCIÓN DE TÍTULO
Título Relaciones geográficas del arzobispado de México, 1743 /
Mención de responsabilidad, etc. edición de Francisco de Solano ; preparación y transcripción de los textos, Catalina Romero... [et al.].
260 ## - PUBLICACIÓN, DISTRIBUCIÓN, ETC.
Lugar de publicación, distribución, etc. Madrid :
Nombre del editor, distribuidor, etc. Consejo Superior de Investigaciones Científicas,
Fecha de publicación, distribución, etc. 1988.
300 ## - DESCRIPCIÓN FÍSICA
Extensión 287 p. : ;
Dimensiones 24 cm.
490 1# - MENCIÓN DE SERIE
Mención de serie Tierra Nueva e Cielo Nuevo ;
Designación de volumen o secuencia 28
505 2# - NOTA DE CONTENIDO CON FORMATO
-- v. 1
500 ## - NOTA GENERAL
Nota general V Centenario del Descubrimiento de América
700 1# - PUNTO DE ACCESO ADICIONAL--NOMBRE DE PERSONA
Nombre de persona Solano, Francisco de,
Término indicativo de función/relación ed.
9 (RLIN) 15306
710 2# - PUNTO DE ACCESO ADICIONAL--NOMBRE DE ENTIDAD CORPORATIVA
Nombre de entidad corporativa o nombre de jurisdicción como elemento de entrada Consejo Superior de Investigaciones Científicas (España)
9 (RLIN) 15178
830 #0 - PUNTO DE ACCESO ADICIONAL DE SERIE-TÍTULO UNIFORME
Título uniforme Tierra Nueva e Cielo Nuevo ;
Designación de volumen o secuencia 28
9 (RLIN) 15432
Holdings
Estado de retiro Estado de pérdida Restricciones de uso No para préstamo Código de colección Localización permanente Ubicación/localización actual Ubicación en estantería Fecha de adquisición Número de inventario Total de préstamos Signatura topográfica completa Código de barras Fecha visto por última vez Precio válido a partir de Tipo de ítem Koha
      Excluido de préstamo Monografías: Libros y Folletos General General En catalogación 28.10.2013 LF1   v. 1 41979-10 25.06.2020 25.06.2020 No se presta
      Excluido de préstamo Monografías: Libros y Folletos General General En catalogación 28.10.2013 LF1   v. 2 41979-20 25.06.2020 25.06.2020 No se presta

Powered by Koha